Metod vtoričnogo kvantovanija /

Gespeichert in:
Bibliographische Detailangaben
1. Verfasser: Berezin, Feliks
Format: Buch
Sprache:Russisch
Veröffentlicht: Moskva : Nauka, 1986
Ausgabe:Izd. 2. dopol.
Online-Zugang: Volltext
Tags: Tag hinzufügen
Keine Tags, Fügen Sie den ersten Tag hinzu!

MARC

LEADER 00000nam a2200000 4500
003 SK-BrCVT
005 20220617153748.0
008 880101s1986 rur e ||||||rus d
035 |a CVTIDW0904385 
040 |b slo  |a CVTI SR 
041 0 |a rus 
044 |a rur 
080 |a 517  |2 UDC-MRF 
100 1 |a Berezin, Feliks 
242 1 0 |a Metóda sekundárneho kvantovania 
245 1 0 |a Metod vtoričnogo kvantovanija /  |c Feliks Berezin 
250 |a Izd. 2. dopol. 
260 |a Moskva :  |b Nauka,  |c 1986 
300 |a 318 s. 
692 |a sm MM 
910 |b A472208 
974 |f Knihy 
992 |a AMG 
999 |c 50891  |d 50891